<?xml version="1.0" encoding="UTF-8"?>
<record
    xmlns:xsi="http://www.w3.org/2001/XMLSchema-instance"
    xsi:schemaLocation="http://www.loc.gov/MARC21/slim http://www.loc.gov/standards/marcxml/schema/MARC21slim.xsd"
    xmlns="http://www.loc.gov/MARC21/slim">

  <leader>00712nam a22001337a 4500</leader>
  <datafield tag="040" ind1=" " ind2=" ">
    <subfield code="c">RUA</subfield>
  </datafield>
  <datafield tag="082" ind1=" " ind2=" ">
    <subfield code="a">VEM PEO 2022 B1.402 Or.1</subfield>
  </datafield>
  <datafield tag="100" ind1=" " ind2=" ">
    <subfield code="a">PEOU PISITH, &#x1796;&#x17C5; &#x1796;&#x17B7;&#x179F;&#x17B7;&#x178A;&#x17D2;&#x178B;</subfield>
  </datafield>
  <datafield tag="245" ind1=" " ind2=" ">
    <subfield code="a">Gastro-intestinnaal parasites in chicken at robas mongk ol commune, moung ruessei district, battambang province, &#x1794;&#x179A;&#x17B6;&#x179F;&#x17B7;&#x178F;&#x1780;&#x17D2;&#x1793;&#x17BB;&#x1784;&#x1794;&#x17D2;&#x179A;&#x178A;&#x17B6;&#x1794;&#x17CB;&#x179A;&#x17C6;&#x179B;&#x17B6;&#x1799;&#x17A2;&#x17B6;&#x17A0;&#x17B6;&#x179A;&#x1798;&#x17B6;&#x1793;&#x17CB;&#x1793;&#x17C5;&#x1783;&#x17BB;&#x17C6;&#x179A;&#x1794;&#x179F;&#x17CB;&#x1798;&#x1784;&#x17D2;&#x1782;&#x179B; &#x179F;&#x17D2;&#x179A;&#x17BB;&#x1780;&#x1798;&#x17C4;&#x1784;&#x17AC;&#x179F;&#x17D2;&#x179F;&#x17B8; &#x1781;&#x17C1;&#x178F;&#x17D2;&#x178F;&#x1794;&#x17B6;&#x178F;&#x17CB;&#x178A;&#x17C6;&#x1794;&#x1784;</subfield>
  </datafield>
  <datafield tag="260" ind1=" " ind2=" ">
    <subfield code="a">PHNOM PENH</subfield>
    <subfield code="b">RUA</subfield>
    <subfield code="c">2022</subfield>
  </datafield>
  <datafield tag="300" ind1=" " ind2=" ">
    <subfield code="a">ix,</subfield>
    <subfield code="b">ill,</subfield>
    <subfield code="c">29cm,</subfield>
  </datafield>
  <datafield tag="856" ind1=" " ind2=" ">
    <subfield code="u">https://drive.google.com/file/d/1A7Fj1gRn8c6e-x_EM2A5shKugg7acCZp/view?usp=sharing</subfield>
  </datafield>
  <datafield tag="942" ind1=" " ind2=" ">
    <subfield code="c">VEM</subfield>
  </datafield>
  <datafield tag="999" ind1=" " ind2=" ">
    <subfield code="c">24268</subfield>
    <subfield code="d">24268</subfield>
  </datafield>
  <datafield tag="952" ind1=" " ind2=" ">
    <subfield code="0">0</subfield>
    <subfield code="1">0</subfield>
    <subfield code="4">0</subfield>
    <subfield code="6">VEM_PEO_2022_000000000000000_B1_402_OR_1</subfield>
    <subfield code="7">0</subfield>
    <subfield code="9">103168</subfield>
    <subfield code="a">LBB</subfield>
    <subfield code="b">LBB</subfield>
    <subfield code="d">2025-02-17</subfield>
    <subfield code="o">VEM PEO 2022 B1.402 Or.1</subfield>
    <subfield code="p">A079427</subfield>
    <subfield code="r">2025-02-17</subfield>
    <subfield code="y">VEM</subfield>
  </datafield>
  <datafield tag="952" ind1=" " ind2=" ">
    <subfield code="0">0</subfield>
    <subfield code="1">0</subfield>
    <subfield code="4">0</subfield>
    <subfield code="6">VEM_PEO_2022_000000000000000_B1_402_OR_2</subfield>
    <subfield code="7">0</subfield>
    <subfield code="9">103169</subfield>
    <subfield code="a">LBB</subfield>
    <subfield code="b">LBB</subfield>
    <subfield code="d">2025-02-17</subfield>
    <subfield code="l">1</subfield>
    <subfield code="o">VEM PEO 2022 B1.402 Or.2</subfield>
    <subfield code="p">A079379</subfield>
    <subfield code="r">2025-11-26</subfield>
    <subfield code="s">2025-11-11</subfield>
    <subfield code="y">VEM</subfield>
  </datafield>
  <datafield tag="952" ind1=" " ind2=" ">
    <subfield code="0">0</subfield>
    <subfield code="1">0</subfield>
    <subfield code="4">0</subfield>
    <subfield code="6">VEM_PEO_2022_000000000000000_B1_402_OR_3</subfield>
    <subfield code="7">0</subfield>
    <subfield code="9">103170</subfield>
    <subfield code="a">LBB</subfield>
    <subfield code="b">LBB</subfield>
    <subfield code="d">2025-02-17</subfield>
    <subfield code="o">VEM PEO 2022 B1.402 Or.3</subfield>
    <subfield code="p">A079359</subfield>
    <subfield code="r">2025-02-17</subfield>
    <subfield code="y">VEM</subfield>
  </datafield>
</record>
